Star Wars - Jedi by Death - Statistics

General Stats
  • This quiz has been taken 158 times
    142 since last reset
  • The average score is 15 of 37
Answer Stats
Death Jedi % Correct
Slain by Darth Maul Qui-Gon Jinn
94%
Slain by Darth Vader Obi-Wan Kenobi
90%
Died from old age Yoda
89%
Electrocuted by Darth Sidious Mace Windu
86%
Shot by clone troopers Ki-Adi Mundi
81%
Slain by Darth Sidious Kit Fisto
79%
Died from exhaustion Luke Skywalker
76%
Shot by clone troopers Plo Koon
76%
Shot by clone troopers Aayla Secura
66%
Executed by Grand Inquisitor Luminara Unduli
59%
Shot by Jango Fett Coleman Trebor
51%
Slain by Savage Opress Adi Gallia
49%
Slain by Darth Sidious Saesee Tiin
49%
Slain by Darth Sidious Agen Kolar
48%
Killed in an explosion Kanan Jarrus
47%
Shot by clone troopers Stass Allie
41%
Bitten by an anooba Even Piell
39%
Shot by Tup Tiplar
39%
Shot by droids Ima-Gun Di
38%
Shot by Dogma Pong Krell
37%
Shot by Grievous Nahdar Vebb
33%
Shot down by pykes Sifo-Dyas
27%
Electrocuted by Cad Bane Bolla Ropal
24%
Shot by clone troopers Depa Billaba
24%
Slain by Savage Opress Halsey
23%
Slain by Darth Vader Cin Drallig
22%
Slain by Savage Opress Knox
22%
Shot by a weequay raider Ky Narec
19%
Killed by Cad Bane Ord Enisence
18%
Shot by clone troopers Zett Jukassa
13%
Shot by Garnac Kalifa
12%
Blown up by Barriss Offee Tutso Mara
10%
Slain by Darth Maul Finn Ertay
9%
Slain by Darth Vader Bene
6%
Shot by droids Tan Yuster
5%
Slain by Darth Vader Whie Malreaux
5%
Shot by droids Sar Labooda
1%
No matching quizzes found
Score Distribution
Percent of People with Each Score
Percentile by Number Answered
Your Score History
You have not taken this quiz since the last reset